Normal view
MARC view
- Iqra Qasim
Entry Personal Name
001 - CONTROL NUMBER
- control field: 69729
003 - CONTROL NUMBER IDENTIFIER
- control field: NUST
005 - DATE AND TIME OF LATEST TRANSACTION
- control field: 20210628204301.0
008 - FIXED-LENGTH DATA ELEMENTS
- fixed length control field: 210628|| aca||aabn | a|a d
040 ## - CATALOGING SOURCE
- Original cataloging agency: NUST
- Transcribing agency: NUST
100 ## - HEADING--PERSONAL NAME
- Personal name: Iqra Qasim
670 ## - SOURCE DATA FOUND
- Source citation: Work cat.: (NUST): Iqra Qasim, TH-SOF-1614-A Model-Driven Framework to Develop Mobile Human Machine Interface (HMI) Screens for Industrial Control Systems, 2018
